000 00422nam a2200193Ia 4500
008 151121s9999||||xx |||||||||||||| ||und||
082 _a823/AXL
082 _bHNW-59121
100 _aAxlerJames
245 _aDeath Lands
260 _bA Gold Eagle Books
260 _c--
300 _a251
600 _aAxlerJames
630 _aDeath Lands
700 _aAxlerJames
730 _aDeath Lands
942 _cBOOK
999 _c1240906
_d1240903